00426ata a2200169 450000500170000000800410001704100080005808200200006610000330008624500540011926000150017326000130018826000090020130000170021065000150022765000140024220161122102303.0150526b xxu||||| |||| 00| 0 spa d aspa a338.173.6 C331o aCarvajal Alvarado, Guillermo aOrigen y desarrollo de la Industria en Costa Rica aCosta Rica bGuayacan c1994 a58 páginas aCOSTA RICA aINDUSTRIA